00222 a2200109 4500001000700000020000600007040001100013100003200024240002600056245002100082362000900103168112 a  cMagnum aValla, Victor Vicent (Org.)10aSaude e educacaolpor10aSaude e educacao0 a1899